Tribes of India (Volume 1)/ (Record no. 176026)

MARC details
000 -LEADER
fixed length control field 00593nam a22001937a 4500
005 - DATE AND TIME OF LATEST TRANSACTION
control field 20201019160806.0
010 ## - LCCN (DPL NO)
LC control number ENG-128583
020 ## - INTERNATIONAL STANDARD BOOK NUMBER
Terms of availability 115.00
035 ## - SYSTEM CONTROL NUMBER
System control number EN-112115
037 ## - SOURCE OF ACQUISITION
Source of stock number/acquisition DBAD/PUB
082 ## - DEWEY DECIMAL CLASSIFICATION NUMBER
Classification number 115.00
100 ## - MAIN ENTRY--PERSONAL NAME
Personal name Ashok, A.
245 ## - TITLE STATEMENT
Title Tribes of India (Volume 1)/
Statement of responsibility, etc by Dr. A. Ashok and Dr. P.V. Lakshmaiah
260 ## - PUBLICATION, DISTRIBUTION, ETC. (IMPRINT)
Place of publication, distribution, etc Hyderabad
Name of publisher, distributor, etc Telugu Akademi
Date of publication, distribution, etc 2018
270 ## - ADDRESS
Address Telugu Akademi Himayatnagar Hyderabad
City Hyderabad
Postal code 500029
Electronic mail address info@teluguacademy.net
300 ## - PHYSICAL DESCRIPTION
Extent 284p.
Dimensions 24cm(pbk)
Other physical details Tables
700 ## - ADDED ENTRY--PERSONAL NAME
Personal name Lakshmaiah, P.V
942 ## - ADDED ENTRY ELEMENTS (KOHA)
Source of classification or shelving scheme Dewey Decimal Classification
Item type English Books
Classification part 307.772
Holdings
Withdrawn status Lost status Not for loan Collection code Home library Current library Date acquired Source of acquisition Cost, normal purchase price Full call number Barcode Cost, replacement price Koha item type
      Non-fiction Ashok Vihar Ashok Vihar 19/10/2020 DBAD/PUB 115.00 307.772 EN-112115 115.00 English Books

© Delhi Public Library
Hit Counter
free hit counter